000 00860na a2200253 4500
001 22427
003 MIRAKIL
005 20181213155254.0
008 170213b tu 000 0
035 _a22427
040 _aMilas
_btur
_cTR-AnCHP
041 _atur
090 _aSHP 39
110 _aSosyaldemokrat Halkçı Parti (SHP)
245 _aYitik tüzük kırık demokrasi dönüm kurultayı
_bSHP IV.Olağanüstü Kurultay Çağrısı
_cSosyaldemokrat Halkçı Parti Merkez Yürütme Kurulu
260 _aAnkara
_bSHP
_cHaziran 1989
300 _a43 s.
_c14 sm.
440 _aSHP yayınları
_pIV. Olağanüstü Kurultay
610 _aSosyaldemokrat Halkçı Parti (SHP)
_xTüzükler
_yDemokrasi
650 _aSiyasal partiler
_xSHP
_yKurultaylar
_zTürkiye
830 _aSosyaldemokrat Halkçı Parti (SHP)
942 _2ddc
_cBKS
999 _c9697
_d9697